|
|
|
|
| LEADER |
01774nam a22003497a 4500 |
| 001 |
38453 |
| 003 |
BD-DhAAL |
| 007 |
heuamb---baca |
| 008 |
220511t2003 ii b 001 0 ben d |
| 999 |
|
|
|c 44160
|d 44160
|
| 010 |
|
|
|a 92906193
|
| 020 |
|
|
|a 8129501066
|
| 025 |
|
|
|a LC-B-55
|
| 040 |
|
|
|a DLC
|c DLC
|d DLC
|d BD-DhAAL
|
| 041 |
|
|
|a ben
|
| 082 |
|
|
|a 915.4
|
| 245 |
1 |
0 |
|a বিনয় সরকারের বৈঠকে :
|b বিংশ শতাব্দীর বঙ্গ-সংস্কৃতি,
|n দ্বিতীয় ভাগ /
|c হরিদাস মুখোপাধ্যায় ... [et al.].
|
| 260 |
|
|
|a কলকাতা :
|b দে'জ পাবলিশিং,
|c ২০০৩.
|
| 300 |
|
|
|a ৮৭২ পৃষ্ঠা ;
|c ২২ সে.মি.
|
| 362 |
|
|
|a Vol. 2
|
| 500 |
|
|
|a In Bengali.
|
| 500 |
|
|
|a নির্ঘণ্ট অন্তর্ভুক্ত।
|
| 520 |
|
|
|a Author's interviews with Benoy Kumar Sarkar, 1887-1949, Indic scholar and educationist, on various Indian social topics.
|
| 533 |
|
|
|a Microfiche.
|b New Delhi :
|c Library of Congress Office ;
|b Washington, D.C. :
|c Library of Congress Photoduplication Service,
|d 1992.
|e 6 microfiches ; 11 x 15 cm.
|
| 541 |
|
|
|a Donated By Akbar Ali Khan
|e 38453
|
| 600 |
|
|
|a Sarkar, Benoy Kumar,
|d 1887-1949.
|9 48331
|
| 651 |
|
|
|a India
|x Social conditions
|y 1919-1947.
|9 48332
|
| 651 |
|
|
|a India
|x Politics and government
|y 1919-1947.
|9 48333
|
| 700 |
|
|
|a মুখোপাধ্যায়, হরিদাস
|9 48334
|
| 852 |
|
|
|a Ayesha Abed Library
|c Akbar Ali Khan Collection
|
| 942 |
|
|
|2 ddc
|c BK
|
| 952 |
|
|
|0 0
|1 0
|2 ddc
|4 0
|6 915_400000000000000_BIN
|7 1
|9 70589
|a BRACUL
|b BRACUL
|c AAKC
|d 2022-05-11
|e Donated by Akbar Ali Khan
|l 0
|o 915.4 BIN
|p 3010038453
|r 2022-05-11
|t 1
|w 2022-05-11
|y BK
|